000 00915nam a2200265Ia 4500
003 OSt
005 20220923231000.0
006 a|||||r|||| 00| 0
007 ta
008 220922b |||||||| |||| 00| 0 pan d
020 _c200
024 _a337,333
037 _b1014, 25/01/2018, H.K. Prakashan
_cTextual
040 _aARTS
_cARTS
_bpan
041 _2pan
_apan
082 _aO153,3NSI9,KA, Q7
100 _aਸਿੰਘ, ਹਰ ਜਗਮੰਦਰ, ਂਚ.
_9158265
245 0 _a॥ੂਨੀ ਆਗ਼ਾਦੀ
260 _aਅੰਮ੍ਰਿਤਸਰ
_b ਸਿੰਘ ਬ੍ਰਦਰਗ਼
_c2017
300 _a120ਪ0
_ccm.
650 _a ਪੰਜਾਬੀ ਕਹਾਣੀ
650 _aਪੰਜਾਬੀ ਸਾਹਿਤ
942 _hO153,3NSI9,KA, Q7
_cTEXL
_2CC
999 _c388598
_d388598